Pays du monde contenant deux R - Statistiques

Statistiques générales
  • Ce quiz a été pris 260 fois
  • Le résultat moyen est 3 sur 8
Statistiques - réponses
Pays % Correct
République démocratique du Congo
70%
République Centrafricaine
67%
Corée du Nord
54%
Émirats Arabes Unis
41%
Andorre
34%
Sierra Leone
29%
Érythrée
25%
Timor Oriental
24%
Aucun quiz correspondant
Distribution des résultats
% des personnes avec chaque résultat
Percentile par nombre de réponses
Votre historique - résultats
Vous n’avez pas pris ce quiz